000 00556nam a2200181 a 4500
001 BRCA_2043
005 20190320203640.0
008 010808s1991----mx-a---###---#000-0#spa-#
020 _a9686382364
050 4 _aZ211.P9
_b.C54 1991
245 1 0 _aCien impresos coloniales poblanos.
260 _aMéxico
_bInstituto Mora
_c1991
300 _a212 p.
_bil.
_c19 cm.
500 _aIncluye índice de nombres y titulos e índice de editores
504 _aBibliografía : p. 203-204
650 1 4 _aImprenta
_vExposiciones
_zPuebla (México)
_96241
942 _2lcc
_cB
999 _c1809
_d1809